[Event "XVIII Weekend B"]
[Site "Ceriano Laghetto ITA"]
[Date "2009.03.29"]
[Round "4"]
[White "Rapetti, Giuseppe"]
[Black "Regorda, Vittorio"]
[Result "0-1"]
[WhiteElo "1785"]
[BlackElo "1848"]
[PlyCount "120"]
[EventDate "2009.03.27"]

1. d4 d5 2. c4 c6 3. Nf3 Nf6 4. Nc3 Bf5 5. e3 e6 6. cxd5 exd5 7. Bd3 Bxd3 8.
Qxd3 Nbd7 9. O-O Be7 10. Rb1 O-O 11. b4 Rc8 12. Qd1 Ne4 13. Nxe4 dxe4 14. Nd2
Nf6 15. Nc4 Re8 16. a3 Qd5 17. Qe2 Bd8 18. Bb2 b5 19. Ne5 Re6 20. Rbc1 Be7 21.
Rc2 Ne8 22. Qh5 g6 23. Qh6 Bf8 24. Qh3 f6 25. Ng4 h5 26. Nxf6+ Nxf6 27. f3 exf3
28. Rxf3 Ng4 29. Qg3 Bd6 30. Qh4 Bxh2+ 31. Kh1 Bd6 32. Re2 Rce8 33. Bc1 Be7 34.
Qg3 Qd6 35. Qxd6 Bxd6 36. Rc2 Nxe3 37. Rxc6 Nc4 38. Rf1 Re1 39. Kg1 R8e2 40.
Rc8+ Kh7 41. Rd8 Rxf1+ 42. Kxf1 Re7 43. Bg5 Rf7+ 44. Kg1 Bf4 45. Bxf4 Rxf4 46.
Rd7+ Kh6 47. d5 Nxa3 48. Rxa7 Nc2 49. d6 Rd4 50. d7 Nxb4 51. Rb7 Nc6 52. Kf2
Ne5 53. Ke3 Rxd7 54. Rxb5 Ng4+ 55. Ke2 Rf7 56. g3 Rf2+ 57. Ke1 Rf3 58. Ra5 Rxg3
59. Kf1 h4 60. Ra4 h3 0-1

[Event "XVIII Weekend B"]
[Site "Ceriano Laghetto ITA"]
[Date "2009.03.29"]
[Round "4"]
[White "Rota, Simone"]
[Black "Virzi, Ettore"]
[Result "1-0"]
[WhiteElo "1878"]
[BlackElo "1979"]
[PlyCount "93"]
[EventDate "2009.03.27"]

1. d4 Nf6 2. c4 g6 3. Nf3 Bg7 4. g3 O-O 5. Bg2 d6 6. O-O Nc6 7. d5 Na5 8. Nbd2
c5 9. e4 a6 10. Rb1 b5 11. b3 Rb8 12. Bb2 bxc4 13. bxc4 Nxe4 14. Bxg7 Rxb1 15.
Qxb1 Nxd2 16. Nxd2 Kxg7 17. Qb2+ Kg8 18. Re1 Bf5 19. Qa3 Qc7 20. Nb3 Nxb3 21.
axb3 a5 22. Bf3 Rb8 23. Bd1 e5 24. dxe6 Bxe6 25. Bf3 Qb6 26. Re3 Qb4 27. Qxb4
axb4 28. Rd3 Rd8 29. Kf1 Kf8 30. Ke2 Bf5 31. Rd2 Ke7 32. g4 Be6 33. Ke3 g5 34.
h3 Ra8 35. Be4 h6 36. f4 gxf4+ 37. Kxf4 h5 38. gxh5 Rd8 39. h6 Kf6 40. Rg2 Bxh3
41. Rg3 d5 42. cxd5 Bf5 43. Bxf5 Rxd5 44. Be4 Rh5 45. h7 c4 46. bxc4 b3 47. Rg8
1-0

[Event "XVIII Weekend B"]
[Site "Ceriano Laghetto ITA"]
[Date "2009.03.29"]
[Round "4"]
[White "Veronelli, Franco"]
[Black "Marchesotti, Giovanni"]
[Result "1-0"]
[WhiteElo "1617"]
[BlackElo "1660"]
[PlyCount "47"]
[EventDate "2009.03.27"]

1. e4 c6 2. d4 d5 3. exd5 cxd5 4. c4 Nf6 5. Nc3 Nc6 6. Bg5 e6 7. Nf3 Be7 8. Bd3
dxc4 9. Bxc4 Nd5 10. Bxe7 Ndxe7 11. O-O O-O 12. Re1 Bd7 13. d5 exd5 14. Nxd5
Nxd5 15. Bxd5 Qf6 16. Qb3 Rab8 17. h3 Ne7 18. Ne5 Bxh3 19. gxh3 Nxd5 20. Qxd5
Rfd8 21. Qf3 Qg5+ 22. Kh2 f6 23. Qb3+ Kh8 24. Nf7+ 1-0

[Event "XVIII Weekend B"]
[Site "Ceriano Laghetto ITA"]
[Date "2009.03.29"]
[Round "4"]
[White "Viale, Fabio"]
[Black "Palminteri, Vincenzo"]
[Result "0-1"]
[WhiteElo "1818"]
[BlackElo "1863"]
[PlyCount "61"]
[EventDate "2009.03.27"]

1. d4 Nf6 2. c4 g6 3. Nc3 d5 4. Bf4 Bg7 5. e3 O-O 6. Nf3 c5 7. dxc5 Qa5 8. Qa4
Qxc5 9. b4 Qc6 10. Ne5 Qxa4 11. Nxa4 Nfd7 12. Nxd7 Bxd7 13. Nc5 Bxa1 14. Bxb8
Bc6 15. b5 Raxb8 16. bxc6 bxc6 17. Nb3 Bc3+ 18. Kd1 Rfd8 19. Kc2 Be1 20. f3 a5
21. Bd3 Bf2 22. e4 a4 23. Na5 a3 24. Nxc6 Rb2+ 25. Kc1 Be3+ 26. Kd1 Rxa2 27.
Nxd8 Ra1+ 28. Kc2 Rxh1 29. Kb3 Rd1 30. Bc2 dxc4+ 31. Kxa3 0-1

[Event "XVIII Weekend B"]
[Site "Ceriano Laghetto ITA"]
[Date "2009.03.29"]
[Round "5"]
[White "Bertamini, Alberto"]
[Black "Cardani, Roberto"]
[Result "0-1"]
[WhiteElo "1592"]
[BlackElo "1940"]
[PlyCount "84"]
[EventDate "2009.03.27"]

1. d4 Nf6 2. c4 e6 3. Nc3 Bb4 4. Bd2 O-O 5. e3 d5 6. cxd5 exd5 7. Bd3 c5 8.
Nge2 Nc6 9. a3 cxd4 10. exd4 Be7 11. Qc2 Be6 12. Be3 Rc8 13. Ng3 Re8 14. h3 a6
15. Nf5 Bf8 16. g4 Bxf5 17. Bxf5 Nxd4 18. Qd3 Nxf5 19. Qxf5 d4 20. O-O-O Rxc3+
21. bxc3 Bxa3+ 22. Kc2 Qb6 23. Rb1 Qc6 24. Bxd4 Nd5 25. Rhe1 Rc8 26. Qe5 Bf8
27. Rb3 b5 28. Kd2 Nb6 29. Bxb6 Qxb6 30. Qf5 Rd8+ 31. Kc2 g6 32. Qf3 Qa5 33.
Kb1 b4 34. cxb4 Bxb4 35. Rc1 Bf8 36. Rb2 Qd5 37. Qxd5 Rxd5 38. Rb8 Kg7 39. Rc7
Bd6 40. Rcb7 Bxb8 41. Rxb8 Rd2 42. f3 Rd3 0-1

[Event "XVIII Weekend B"]
[Site "Ceriano Laghetto ITA"]
[Date "2009.03.29"]
[Round "5"]
[White "Brioschi, Camillo"]
[Black "Viale, Fabio"]
[Result "0-1"]
[WhiteElo "1872"]
[BlackElo "1818"]
[PlyCount "75"]
[EventDate "2009.03.27"]

1. d4 Nf6 2. c4 e6 3. Nc3 Bb4 4. e3 O-O 5. Bd3 b6 6. Nge2 Bb7 7. O-O d5 8. cxd5
Nxd5 9. Nxd5 Bxd5 10. e4 Bb7 11. Be3 Nd7 12. Rc1 Rc8 13. a3 Be7 14. b4 c5 15.
dxc5 bxc5 16. b5 Ne5 17. Bb1 Qa5 18. Qb3 c4 19. Qc3 Qxc3 20. Rxc3 Rfd8 21. f3
Bf6 22. Rc2 Rd3 23. Bc1 c3 24. Ba2 Nc4 25. Bxc4 Rxc4 26. Nf4 Rd7 27. Ne2 Rd3
28. Kf2 Be7 29. Nf4 Bc5+ 30. Ke2 Rd7 31. Rd1 Rxd1 32. Kxd1 a6 33. bxa6 Bxa6 34.
Ne2 Bd4 35. Bd2 Ra4 36. Bxc3 Bxe2+ 37. Kxe2 Bc5 38. Bb4 0-1

[Event "XVIII Weekend B"]
[Site "Ceriano Laghetto ITA"]
[Date "2009.03.29"]
[Round "5"]
[White "Campesato, Adriano"]
[Black "Rota, Simone"]
[Result "0-1"]
[WhiteElo "1655"]
[BlackElo "1878"]
[PlyCount "60"]
[EventDate "2009.03.27"]

1. d4 d5 2. Nf3 Nf6 3. g3 e6 4. Bg2 Be7 5. Nbd2 c5 6. c3 O-O 7. O-O Nc6 8. Nb3
b6 9. Re1 Bb7 10. dxc5 bxc5 11. Be3 Nd7 12. Qc2 Na5 13. Rad1 Nc4 14. Bc1 f5 15.
Nbd2 Ncb6 16. e3 e5 17. Nf1 e4 18. N3d2 Ne5 19. b3 Nd3 20. Re2 Ba6 21. c4 Nb4
22. Qb1 dxc4 23. Nxc4 Qxd1 24. Rd2 Qh5 25. Ne5 Bf6 26. Nd7 Nxd7 27. Rxd7 Bd3
28. Rxd3 Nxd3 29. Qc2 Nxc1 30. Qxc1 Rac8 0-1

[Event "XVIII Weekend B"]
[Site "Ceriano Laghetto ITA"]
[Date "2009.03.29"]
[Round "5"]
[White "Casale, Anania"]
[Black "Olivo, Mario"]
[Result "1-0"]
[WhiteElo "1719"]
[BlackElo "1899"]
[PlyCount "97"]
[EventDate "2009.03.27"]

1. d4 Nf6 2. c4 e6 3. Nc3 Bb4 4. Qc2 c5 5. e3 cxd4 6. exd4 b6 7. Nf3 Bb7 8. Bg5
h6 9. Bh4 g5 10. Bg3 Ne4 11. Be5 f6 12. Bxb8 Qxb8 13. Bd3 Qf4 14. O-O Bxc3 15.
bxc3 O-O 16. Rae1 d5 17. Re3 f5 18. Ne5 g4 19. Ng6 Qg5 20. Nxf8 Rxf8 21. Bxe4
dxe4 22. g3 h5 23. Qa4 f4 24. gxf4 Rxf4 25. Qe8+ Kg7 26. Qxe6 Rf3 27. Qe5+ Kg6
28. Qxg5+ Kxg5 29. d5 Kf4 30. Rfe1 Rxe3 31. Rxe3 Ke5 32. Kg2 Kf4 33. h3 Bc8 34.
hxg4 hxg4 35. Re1 Ba6 36. d6 Bc8 37. Rb1 Bb7 38. Rd1 a5 39. a4 Ke5 40. Kg3 Kf5
41. Rd5+ Ke6 42. Kxg4 Bc6 43. d7 Bxd7 44. Rxd7 Kxd7 45. Kf4 Kd6 46. Kxe4 Kc5
47. Kd3 Kd6 48. Kd4 Kc6 49. f4 1-0

[Event "XVIII Weekend B"]
[Site "Ceriano Laghetto ITA"]
[Date "2009.03.29"]
[Round "5"]
[White "Clerici, Samuele"]
[Black "Cervini, Gian Piero"]
[Result "1/2-1/2"]
[WhiteElo "1773"]
[BlackElo "1819"]
[PlyCount "31"]
[EventDate "2009.03.27"]

1. e4 g6 2. d4 Bg7 3. f4 d6 4. Nf3 Nf6 5. Bd3 O-O 6. O-O c5 7. e5 dxe5 8. dxe5
Nd5 9. Be4 e6 10. c4 Nb6 11. Qc2 Qc7 12. Be3 Na6 13. a3 Bd7 14. Nbd2 Bc6 15.
Nb3 Nd7 16. Bxc6 1/2-1/2

[Event "XVIII Weekend B"]
[Site "Ceriano Laghetto ITA"]
[Date "2009.03.29"]
[Round "5"]
[White "Donghi, Fabio"]
[Black "Colombo, Samuel"]
[Result "0-1"]
[WhiteElo "1670"]
[BlackElo "1781"]
[PlyCount "59"]
[EventDate "2009.03.27"]

1. Nf3 d5 2. d4 f5 3. c3 Nf6 4. Nbd2 e6 5. Ne5 Bd6 6. Ndf3 O-O 7. e3 Qe8 8. Be2
c6 9. Qb3 Ne4 10. Nd2 Qe7 11. Nxe4 fxe4 12. Bd2 Nd7 13. Nxd7 Qxd7 14. O-O-O
Rxf2 15. Bf1 b6 16. Be1 Rf7 17. g3 Bb7 18. h4 Raf8 19. Bh3 Ba6 20. Qc2 Rf3 21.
Qg2 Rxe3 22. Bf2 Re2 23. Rd2 Rxd2 24. Kxd2 Qe7 25. Be3 Qf6 26. Rg1 e5 27. dxe5
Bxe5 28. Bf4 Bxf4+ 29. gxf4 Qxh4 30. Kc2 0-1

[Event "XVIII Weekend B"]
[Site "Ceriano Laghetto ITA"]
[Date "2009.03.29"]
[Round "5"]
[White "Fornasir, Carlo Gustavo"]
[Black "Regorda, Vittorio"]
[Result "0-1"]
[WhiteElo "1886"]
[BlackElo "1848"]
[PlyCount "45"]
[EventDate "2009.03.27"]

1. e4 c6 2. c4 d5 3. cxd5 cxd5 4. exd5 Nf6 5. Bc4 g6 6. Nc3 Bg7 7. Nf3 O-O 8.
O-O Nbd7 9. Re1 Nb6 10. Qb3 Bf5 11. Nd4 Bg4 12. h3 Nxc4 13. Qxc4 Bd7 14. Qb4
Bc8 15. Ndb5 a6 16. d6 exd6 17. Nxd6 a5 18. Qa3 Be6 19. Nxb7 Qb6 20. Nc5 Bf5
21. d4 Rad8 22. Be3 Rfe8 23. Nb3 0-1

[Event "XVIII Weekend B"]
[Site "Ceriano Laghetto ITA"]
[Date "2009.03.29"]
[Round "5"]
[White "Fragni, Enrico"]
[Black "Guzzetti, Luigi Enrico"]
[Result "0-1"]
[WhiteElo "1769"]
[BlackElo "1854"]
[PlyCount "78"]
[EventDate "2009.03.27"]

1. d4 Nf6 2. c4 g6 3. Nc3 Bg7 4. e4 d6 5. Be2 O-O 6. Bg5 c5 7. d5 Qa5 8. Qd2 a6
9. Nf3 Re8 10. O-O Bg4 11. h3 Bxf3 12. Bxf3 Nbd7 13. Be2 b5 14. cxb5 axb5 15.
Bxb5 Nxe4 16. Nxe4 Qxb5 17. Nc3 Qb4 18. Rfe1 Ne5 19. Re4 Nc4 20. Qe2 Qxb2 21.
Rc1 Qxe2 22. Rxe2 Ne5 23. Nb5 h6 24. Bh4 g5 25. Bg3 Ra5 26. Nc3 f5 27. f4 gxf4
28. Bh4 f3 29. Re3 f4 30. Re4 Nd3 31. Rc2 Bd4+ 32. Kf1 fxg2+ 33. Kxg2 Kf7 34.
Kf3 Be5 35. Ne2 Ra3 36. Kg4 f3 37. Nf4 Nxf4 38. Rxf4+ Bxf4 39. Kxf4 Ra4+ 0-1

[Event "XVIII Weekend B"]
[Site "Ceriano Laghetto ITA"]
[Date "2009.03.29"]
[Round "5"]
[White "Magistroni, Imerio"]
[Black "Carbone, Lorenzo"]
[Result "0-1"]
[WhiteElo "1632"]
[BlackElo "1807"]
[PlyCount "102"]
[EventDate "2009.03.27"]

1. d4 d5 2. c4 e6 3. Nc3 Nf6 4. Nf3 Nbd7 5. Bf4 c6 6. e3 Be7 7. Qc2 a6 8. cxd5
exd5 9. Bd3 c5 10. O-O b5 11. dxc5 Nxc5 12. Be2 O-O 13. Rad1 Bb7 14. Nd4 Rc8
15. Rc1 Nce4 16. Qd3 Nxc3 17. Rxc3 Qa5 18. Rfc1 Rc4 19. Qc2 Bb4 20. Bxc4 Bxc3
21. Qxc3 Qxc3 22. Rxc3 dxc4 23. Bd6 Re8 24. f3 Nd5 25. e4 Nxc3 26. bxc3 f6 27.
a3 Kf7 28. Kf2 g6 29. Kg3 h5 30. h4 Rd8 31. Bc5 Rd7 32. Kf4 Rd8 33. g3 Re8 34.
Bd6 Rg8 35. Ke3 Rd8 36. Bc5 Re8 37. Bd6 Rd8 38. Bc5 Rg8 39. Bd6 Re8 40. Kf4 Bc8
41. Ke3 Bd7 42. Bc7 Ra8 43. Ba5 Rc8 44. Kf4 Rb8 45. Bc7 Rb7 46. Ba5 Be8 47. Bb4
Rc7 48. Bd6 Ra7 49. Bc5 Ra8 50. Bb6 a5 51. Nxb5 Bxb5 0-1

[Event "XVIII Weekend B"]
[Site "Ceriano Laghetto ITA"]
[Date "2009.03.29"]
[Round "5"]
[White "Marchesotti, Giovanni"]
[Black "Greco, Umberto"]
[Result "1-0"]
[WhiteElo "1660"]
[BlackElo "1773"]
[PlyCount "77"]
[EventDate "2009.03.27"]

1. Nf3 Nf6 2. g3 g6 3. Bg2 Bg7 4. O-O O-O 5. c4 c5 6. Nc3 Nc6 7. d4 cxd4 8.
Nxd4 Nxd4 9. Qxd4 Nh5 10. Qd3 Rb8 11. Bg5 Re8 12. Rad1 h6 13. Be3 b6 14. Nb5 a6
15. Na7 d6 16. Nc6 Qc7 17. Nxb8 Qxb8 18. Qd2 Kh7 19. Qb4 b5 20. cxb5 Qxb5 21.
Qxb5 axb5 22. Bc6 Rf8 23. Bxb5 Bxb2 24. Rb1 Be5 25. Bc4 e6 26. f4 Bg7 27. Rb8
Nf6 28. Bd4 Nd7 29. Bxg7 Kxg7 30. Rb4 d5 31. Bd3 Nf6 32. Rc1 Bd7 33. Ra1 Rc8
34. a4 Ng8 35. Bb5 Bxb5 36. axb5 Ne7 37. b6 Rb8 38. b7 Nc6 39. Ra8 1-0

[Event "XVIII Weekend B"]
[Site "Ceriano Laghetto ITA"]
[Date "2009.03.29"]
[Round "5"]
[White "Quagliarella, Sabino Remo"]
[Black "Colombo, Luca"]
[Result "0-1"]
[WhiteElo "1957"]
[BlackElo "1819"]
[PlyCount "112"]
[EventDate "2009.03.27"]

1. d4 Nf6 2. Nf3 d5 3. e3 e6 4. Be2 Be7 5. O-O O-O 6. b3 Nbd7 7. c4 c5 8. Nc3
cxd4 9. exd4 dxc4 10. bxc4 Nb6 11. Qb3 Qc7 12. Bg5 Bd7 13. Ne5 Rac8 14. Nxd7
Nbxd7 15. Rab1 b6 16. Rfd1 e5 17. Bxf6 Nxf6 18. d5 Bc5 19. Nb5 Qd7 20. Qa4 Ne4
21. Qc2 Nxf2 22. Kf1 Nxd1 23. Rxd1 a6 24. Nc3 f5 25. Rd3 Qd6 26. Rh3 Rf6 27.
Nd1 Rh6 28. Qb3 e4 29. Qg3 Qxg3 30. hxg3 Rg6 31. Nf2 Bxf2 32. Kxf2 Rh6 33. a4
Rxh3 34. gxh3 Rc5 35. Ke3 Kf7 36. Kd4 Kf6 37. g4 g6 38. gxf5 gxf5 39. Bh5 a5
40. Be2 Rc8 41. Bf1 Re8 42. Be2 f4 43. Bg4 e3 44. Kd3 Ke5 45. Bf3 Rg8 46. Bg4
Rg5 47. Ke2 h5 48. Bf3 Kd4 49. d6 Rg7 50. Bc6 Rg8 51. d7 Kc5 52. Bd5 Rd8 53.
Be6 Kd6 54. Bf7 h4 55. Be8 Rxd7 56. c5+ bxc5 0-1

[Event "XVIII Weekend B"]
[Site "Ceriano Laghetto ITA"]
[Date "2009.03.29"]
[Round "5"]
[White "Regorda, Massimiliano"]
[Black "Dogic, Mirhad"]
[Result "1-0"]
[WhiteElo "1919"]
[BlackElo "1685"]
[PlyCount "91"]
[EventDate "2009.03.27"]

1. e4 g6 2. d4 Bg7 3. Nf3 d6 4. Bc4 e6 5. Nc3 Ne7 6. Be3 O-O 7. Qd2 c6 8. O-O-O
d5 9. Bd3 dxe4 10. Bxe4 f5 11. Bd3 Nd5 12. Bg5 Qc7 13. Nxd5 cxd5 14. Bf4 Qd7
15. b3 Nc6 16. Ne5 Nxe5 17. Bxe5 Bxe5 18. dxe5 Qc7 19. Rde1 a5 20. h4 a4 21. h5
axb3 22. axb3 d4 23. hxg6 Qe7 24. Qh6 hxg6 25. Qh8+ Kf7 26. Rh7+ Ke8 27. Rxe7+
Kxe7 28. Qg7+ Rf7 29. Qxg6 Bd7 30. Kd2 Bc6 31. Rh1 Raf8 32. Rh7 Be8 33. Bc4 Bd7
34. Rxf7+ Rxf7 35. Be2 Be8 36. Qg5+ Kd7 37. Bb5+ Kc8 38. Bxe8 Rc7 39. Qg8 Re7
40. Bf7+ Kd7 41. Kd3 b5 42. Kxd4 f4 43. Ke4 b4 44. Bxe6+ Rxe6 45. Qxe6+ Kxe6
46. Kxf4 1-0

[Event "XVIII Weekend B"]
[Site "Ceriano Laghetto ITA"]
[Date "2009.03.29"]
[Round "5"]
[White "Riboldi, Raffaele"]
[Black "Lanni, Vincenzo"]
[Result "0-1"]
[WhiteElo "1926"]
[BlackElo "1870"]
[PlyCount "84"]
[EventDate "2009.03.27"]

1. d4 g6 2. c4 Bg7 3. Nc3 d6 4. e4 Nf6 5. Nge2 O-O 6. Ng3 c5 7. d5 e6 8. Be2
exd5 9. exd5 Re8 10. O-O a6 11. a4 Nbd7 12. Bf4 Ne5 13. h3 Qb6 14. a5 Qd8 15.
Qd2 Bd7 16. Bg5 Bc8 17. Bh6 b6 18. Bxg7 Kxg7 19. f4 Ned7 20. axb6 Qe7 21. Rf3
Nxb6 22. Bd3 Bd7 23. f5 Qe5 24. Raf1 Qd4+ 25. Kh1 Nxc4 26. Qc1 Ne3 27. R1f2 g5
28. Bb1 h6 29. Rd2 Qc4 30. Bd3 Qb4 31. Rdf2 Qd4 32. Bb1 Nc4 33. Nce4 Nxe4 34.
f6+ Kh8 35. Nxe4 Rxe4 36. Qc2 Ne5 37. Ra3 Re1+ 38. Kh2 Rxb1 39. Qe2 Ng6 40. Re3
Rxb2 41. Qh5 Kh7 42. Re7 Be8 0-1

[Event "XVIII Weekend B"]
[Site "Ceriano Laghetto ITA"]
[Date "2009.03.29"]
[Round "5"]
[White "Rossi, Giampiero"]
[Black "Nepi, Ezio"]
[Result "1/2-1/2"]
[WhiteElo "1948"]
[BlackElo "1822"]
[PlyCount "99"]
[EventDate "2009.03.27"]

1. d4 d5 2. c4 e6 3. Nc3 c6 4. e3 Nf6 5. Nf3 Nbd7 6. Qc2 Bd6 7. b3 O-O 8. Bb2
Re8 9. Be2 Qe7 10. O-O-O Ba3 11. Kb1 Bxb2 12. Qxb2 a6 13. Rd2 b5 14. cxb5 axb5
15. Rc1 Bb7 16. Bd3 Ra7 17. Kc2 Rea8 18. Kd1 e5 19. dxe5 Ng4 20. Bb1 Ndxe5 21.
Nxe5 Qxe5 22. h3 Nf6 23. Ne2 Qh5 24. f3 Re8 25. Nd4 Rxe3 26. Nxc6 Bxc6 27. Rxc6
Rae7 28. Rc8+ Ne8 29. Bd3 Qh6 30. Qc3 Qb6 31. Qc5 Re1+ 32. Kc2 Qf6 33. Rd1 Qe5
34. Qf2 Rxd1 35. Kxd1 Qe6 36. Rc1 b4 37. f4 Qd6 38. Kd2 g6 39. Re1 Rxe1 40.
Kxe1 Qf6 41. Qe2 Qa1+ 42. Kf2 Nf6 43. Qc2 Qd4+ 44. Kf3 Nh5 45. g3 Qg1 46. Qg2
Qc1 47. Qe2 Qh1+ 48. Qg2 Qe1 49. Qf2 Qh1+ 50. Qg2 1/2-1/2

[Event "XVIII Weekend B"]
[Site "Ceriano Laghetto ITA"]
[Date "2009.03.29"]
[Round "5"]
[White "Schingaro, Angelo"]
[Black "Veronelli, Franco"]
[Result "0-1"]
[WhiteElo "1699"]
[BlackElo "1617"]
[PlyCount "50"]
[EventDate "2009.03.27"]

1. e4 e5 2. Nf3 Nf6 3. Nxe5 d6 4. Nf3 Nxe4 5. d4 d5 6. Bd3 Nc6 7. O-O Be7 8.
Nbd2 Nf6 9. h3 O-O 10. Re1 Nb4 11. Bf1 Bf5 12. c3 Nc6 13. Ne5 Bd6 14. Ndf3 Re8
15. Bf4 Ne4 16. Nxc6 bxc6 17. Ne5 Bxe5 18. Bxe5 Rb8 19. f3 Nd6 20. b4 Qg5 21.
g4 h5 22. Kh1 hxg4 23. fxg4 Be4+ 24. Kh2 Rxe5 25. dxe5 Qf4+ 0-1

[Event "XVIII Weekend B"]
[Site "Ceriano Laghetto ITA"]
[Date "2009.03.29"]
[Round "5"]
[White "Virzi, Ettore"]
[Black "Kimbin, Richard Conrod"]
[Result "1-0"]
[WhiteElo "1979"]
[BlackElo "1834"]
[PlyCount "49"]
[EventDate "2009.03.27"]

1. e4 c5 2. Nf3 d6 3. d4 cxd4 4. Nxd4 Nf6 5. Nc3 g6 6. Be3 Bg7 7. f3 O-O 8. Qd2
Nc6 9. O-O-O Bd7 10. Kb1 Rc8 11. h4 Ne5 12. h5 Nc4 13. Bxc4 Rxc4 14. hxg6 fxg6
15. e5 Rxc3 16. exf6 Rxc2 17. Nxc2 Bxf6 18. Qd5+ Rf7 19. Qxb7 Bf5 20. g4 Bxc2+
21. Kxc2 e6 22. Qa6 Qb8 23. Bd4 Bxd4 24. Rxd4 Rxf3 25. Rf1 1-0

[Event "XI C.to Europeo a squadre seniores"]
[Site "Velden AUT"]
[Date "2009.04.06"]
[Round "2.1"]
[White "Clemens, Christian"]
[Black "Tatai, Stefano"]
[Result "1/2-1/2"]
[WhiteElo "2291"]
[BlackElo "2351"]
[PlyCount "150"]
[EventDate "2009.04.05"]

1. g3 g6 2. Bg2 d5 3. Nf3 Bg7 4. d4 Nf6 5. O-O O-O 6. c4 dxc4 7. Na3 c3 8. bxc3
c5 9. Ne5 Nbd7 10. Nxd7 Nxd7 11. Qd3 cxd4 12. cxd4 e5 13. dxe5 Nxe5 14. Qxd8
Rxd8 15. Rb1 Rb8 16. Bf4 Be6 17. Rxb7 Rxb7 18. Bxb7 Bxa2 19. Rc1 Be6 20. Nb5 a5
21. Nc7 Bb3 22. Rc5 a4 23. Bd5 Nd7 24. Rb5 Rb8 25. Ra5 Be5 26. Bc6 Bxf4 27.
gxf4 Nb6 28. Nb5 Bd5 29. Nd4 Bxc6 30. Nxc6 Ra8 31. Rb5 a3 32. Nb4 Nc4 33. Na2
Rd8 34. Nc3 Ra8 35. Rc5 Nd6 36. Na2 Rb8 37. Ra5 Rb3 38. Kg2 Nb5 39. e3 Kf8 40.
Kf3 f5 41. Nc1 Rb1 42. Nd3 Ke7 43. Ne5 Rb3 44. Nc4 Kd7 45. Nxa3 Nxa3 46. Ra7+
Ke6 47. Rxh7 Nb5 48. h4 Nd6 49. h5 gxh5 50. Rh6+ Ke7 51. Rxh5 Rb2 52. Rh7+ Kf8
53. Rh5 Kg7 54. Kg2 Kg6 55. Rh2 Ne4 56. Kg1 Nd2 57. Kg2 Rb1 58. Rh3 Re1 59.
Rg3+ Kf6 60. Rh3 Re2 61. Rh6+ Kg7 62. Rh2 Kg6 63. Rh1 Ne4 64. Rf1 Kh5 65. Kf3
Rd2 66. Rh1+ Kg6 67. Rg1+ Kf6 68. Rf1 Rc2 69. Kg2 Kg6 70. Kg1 Nd2 71. Ra1 Kh5
72. Ra8 Nf3+ 73. Kg2 Ne1+ 74. Kg3 Kg6 75. Ra6+ Kh5 1/2-1/2

[Event "XI C.to Europeo a squadre seniores"]
[Site "Velden AUT"]
[Date "2009.04.06"]
[Round "2.2"]
[White "Micheli, Carlo"]
[Black "Dornieden, Manfred"]
[Result "1-0"]
[WhiteElo "2302"]
[BlackElo "2264"]
[PlyCount "95"]
[EventDate "2009.04.05"]

1. e4 g6 2. d4 Bg7 3. Nc3 c6 4. h3 d6 5. a4 Nf6 6. Nf3 O-O 7. Be3 Qa5 8. Nd2
Be6 9. Be2 Na6 10. O-O Nb4 11. f4 Qc7 12. g4 c5 13. d5 Bxd5 14. g5 Qd7 15. gxf6
Qxh3 16. Bf2 Bxf6 17. Bg4 Qh6 18. Nxd5 Nxd5 19. exd5 Qxf4 20. Ra3 Bxb2 21. Rh3
h5 22. Bxh5 Kg7 23. Be3 Qxa4 24. Rf4 Qd7 25. Qf1 Be5 26. Rf2 Bf6 27. Bh6+ Kg8
28. Bxf8 Rxf8 29. Rxf6 exf6 30. Ne4 Qe7 31. Nxf6+ Kg7 32. Rf3 Qe5 33. Bg4 Rh8
34. Bh3 Rh4 35. Qf2 Qg5+ 36. Kh1 Rd4 37. Ne8+ Kh6 38. Nxd6 Rd1+ 39. Bf1 Qh5+
40. Qh2 Qxh2+ 41. Kxh2 Rxd5 42. Nxf7+ Kg7 43. Bd3 c4 44. Be4 Rh5+ 45. Kg3 b5
46. Nd6 Rg5+ 47. Kf4 Rc5 48. Ke3 1-0

[Event "XI C.to Europeo a squadre seniores"]
[Site "Velden AUT"]
[Date "2009.04.06"]
[Round "2.3"]
[White "Durst, Uwe"]
[Black "Rosino, Antonio"]
[Result "0-1"]
[WhiteElo "2092"]
[BlackElo "2258"]
[PlyCount "98"]
[EventDate "2009.04.05"]

1. f4 Nf6 2. b3 d5 3. Nf3 g6 4. Bb2 Bg7 5. e3 O-O 6. Be2 c5 7. O-O Nc6 8. Qe1
Bf5 9. d3 Ng4 10. Bxg7 Kxg7 11. Bd1 d4 12. e4 Bd7 13. Nbd2 Ne3 14. Rf2 Nb4 15.
Nc4 Ng4 16. Re2 b5 17. Nce5 f6 18. Nxg4 Bxg4 19. Qg3 Bxf3 20. Qxf3 e5 21. f5 c4
22. a3 Na6 23. Rf2 cxb3 24. cxb3 Rc8 25. b4 Rc3 26. Rc2 Rxc2 27. Bxc2 Qc7 28.
Bb3 Qc3 29. Qd1 Rc8 30. fxg6 hxg6 31. Ra2 Qc1 32. Qxc1 Rxc1+ 33. Kf2 Rc3 34.
Bc2 f5 35. exf5 gxf5 36. Ke2 e4 37. Kd2 e3+ 38. Ke2 Kf6 39. Kf3 Nc7 40. Ke2 Nd5
41. g3 Rc7 42. Kf3 Rh7 43. h4 f4 44. Ra1 fxg3 45. Kxg3 Ke5 46. Rh1 Rg7+ 47. Kf3
Rf7+ 48. Kg3 Nc3 49. Bd1 e2 0-1

[Event "XI C.to Europeo a squadre seniores"]
[Site "Velden AUT"]
[Date "2009.04.06"]
[Round "2.4"]
[White "Laco, Giuseppe"]
[Black "Peleikis, Horst"]
[Result "1/2-1/2"]
[WhiteElo "2133"]
[BlackElo "2073"]
[PlyCount "72"]
[EventDate "2009.04.05"]

1. c4 Nf6 2. Nc3 g6 3. e4 d6 4. d4 Bg7 5. f3 O-O 6. Be3 Nbd7 7. Qd2 c5 8. d5 a6
9. Bh6 Rb8 10. g4 Qa5 11. Bxg7 Kxg7 12. h4 b5 13. h5 b4 14. Nd1 Ne5 15. hxg6
fxg6 16. Nf2 Kg8 17. Be2 Bd7 18. a4 Qd8 19. b3 Qe8 20. Ngh3 Qf7 21. Ng5 Qg7 22.
Ra2 h6 23. Ngh3 g5 24. f4 Nexg4 25. fxg5 hxg5 26. Bxg4 Nxg4 27. Nxg4 Bxg4 28.
Nxg5 Qc3 29. Rg1 Rf4 30. Qxc3 bxc3 31. Rag2 Rxb3 32. Rxg4 Rb1+ 33. Ke2 Rxg4 34.
Rxb1 Rxg5 35. Kd3 Rg3+ 36. Kc2 Re3 1/2-1/2

[Event "XI C.to Europeo a squadre seniores"]
[Site "Velden AUT"]
[Date "2009.04.07"]
[Round "3.1"]
[White "Tatai, Stefano"]
[Black "Tseshkovsky, Vitaly V."]
[Result "0-1"]
[WhiteElo "2351"]
[BlackElo "2554"]
[PlyCount "76"]
[EventDate "2009.04.05"]

1. e4 d6 2. d4 Nf6 3. Nc3 g6 4. Nf3 Bg7 5. h3 O-O 6. Be2 a6 7. a4 b6 8. O-O Bb7
9. d5 c6 10. dxc6 Nxc6 11. Re1 Rc8 12. Bf1 Nb4 13. Nd4 e5 14. Nb3 d5 15. exd5
Nfxd5 16. Nxd5 Nxd5 17. Bd2 Qc7 18. c4 Nf4 19. Bc3 Rfd8 20. Qg4 e4 21. a5 Bxc3
22. bxc3 Ne6 23. axb6 Qxb6 24. Qg3 Qc7 25. Qxc7 Rxc7 26. Reb1 Kg7 27. Ra5 h5
28. h4 Rdd7 29. g3 Re7 30. Rd5 e3 31. fxe3 Bxd5 32. cxd5 Rxc3 33. dxe6 Rxe6 34.
Bg2 Rexe3 35. Nd4 Rxg3 36. Rb7 Rg4 37. Ne6+ Kf6 38. Nd8 Rc1+ 0-1

[Event "XI C.to Europeo a squadre seniores"]
[Site "Velden AUT"]
[Date "2009.04.07"]
[Round "3.2"]
[White "Vasiukov, Evgeni A."]
[Black "Micheli, Carlo"]
[Result "1-0"]
[WhiteElo "2482"]
[BlackElo "2302"]
[PlyCount "95"]
[EventDate "2009.04.05"]

1. e4 c5 2. Nf3 e6 3. d4 cxd4 4. Nxd4 Qb6 5. Nb3 Qc7 6. Bd3 Nf6 7. Qe2 d6 8.
Nc3 a6 9. g4 Nc6 10. g5 Nd7 11. f4 b5 12. Be3 Bb7 13. a4 b4 14. Nb1 g6 15. N1d2
Bg7 16. O-O-O O-O 17. h4 Rfc8 18. h5 Na5 19. hxg6 hxg6 20. Rh4 Nxb3+ 21. Nxb3
Bc6 22. a5 Ba4 23. Kb1 Bxb3 24. cxb3 Nc5 25. Bc2 Qc6 26. Bc1 Ra7 27. f5 exf5
28. exf5 Re8 29. Rxd6 Qc8 30. Qf2 gxf5 31. Rc4 Rc7 32. Bxf5 Ne6 33. g6 Qb8 34.
Rb6 Qd8 35. Rxc7 Qxc7 36. gxf7+ Qxf7 37. Bh7+ Kf8 38. Qxf7+ Kxf7 39. Rxa6 Bd4
40. Bd3 Nc7 41. Bg6+ Kg7 42. Bxe8 Nxa6 43. Kc2 Kf8 44. Bb5 Nc7 45. Ba4 Bc5 46.
Kd3 Ke7 47. Kc4 Bd6 48. Bd2 1-0

[Event "XI C.to Europeo a squadre seniores"]
[Site "Velden AUT"]
[Date "2009.04.07"]
[Round "3.4"]
[White "Chernikov, Oleg L."]
[Black "Magrini, Riccardo"]
[Result "1-0"]
[WhiteElo "2388"]
[BlackElo "2194"]
[PlyCount "45"]
[EventDate "2009.04.05"]

1. d4 c5 2. c3 cxd4 3. cxd4 Nf6 4. Nc3 d5 5. Bf4 Qa5 6. e3 Nbd7 7. a3 Ne4 8.
Nge2 g5 9. b4 Qd8 10. Nxd5 gxf4 11. Qc2 Ndc5 12. Ndxf4 Bf5 13. dxc5 Bg7 14. Rd1
Qc8 15. Nd4 O-O 16. Nxf5 Bc3+ 17. Qxc3 Nxc3 18. Nxe7+ Kh8 19. Nxc8 Nxd1 20. Nd6
Nc3 21. Kd2 Nb1+ 22. Kc2 Nxa3+ 23. Kb2 1-0